000 00518nam a22001817a 4500
005 20240830104759.0
008 240830b |||||||| |||| 00| 0 eng d
020 _a0406625263
041 _aEnglish
082 _a340.03 MOZ
100 _lEnglish
245 _aMozley and Whitley's Law Dictionary
250 _aTenth Edition
260 _aLondon:
_bButterworth and Company Ltd,
_c1988
300 _bvii, 510 pages;
_c25 cm.
650 _aLegal practice
_bLaw
942 _cBK
_6ALISON_BN_VRIES
999 _c2964
_d2964